Widok standardowy
Widok MARC
Pozycja Personal Name
Liczba rekordów, w których użyto hasła: 1
001 - Numer kontrolny
- control field: 40606
003 - Identyfikator numeru kontrolnego
- control field: NUKAT
005 - Data i czas ostatniej modyfikacji
- control field: 20260426201330.0
008 - Dane kontrolne kodowane (40 znaków)
- fixed length control field: 961017n||a|znnaabn |a aaa |c
010 ## - Numer kontrolny Biblioteki Kongresu
- numer kontrolny LC: n 96612576
040 ## - Instytucja sporządzająca rekord
- inst. przygot. dane do rek. khw: LUBL U/JL
- język haseł przedmiotowych/tezaurus: kaba
- inst. wprow. rek. khw: LUBL U/JL
- inst. modyf. rek. khw: KR U/bs
- inst. modyf. rek. khw: WA U/ASZ
- inst. modyf. rek. khw: TOR U/TL
- inst. modyf. rek. khw: LUBL KUL/ALT
100 1# - Hasło - nazwa osobowa
- nazwa osobowa w formie ujednoliconej: Smolarski, Mieczysław
- daty biograficzne: (1888-1967).
400 1# - Trop zob. - nazwa osobowa
- nazwa osobowa (nazwisko, imiona): Smolarski, M.
400 1# - Trop zob. - nazwa osobowa
- nazwa osobowa (nazwisko, imiona): Smolarski, Mieczysław Maryan.
400 1# - Trop zob. - nazwa osobowa
- nazwa osobowa (nazwisko, imiona): Smolarski, Miecz.
670 ## - Źródło informacji
- źródło informacji: Uczta Baltazara / Mieczysław Smolarski. - Poznań, [ok. 1920].
670 ## - Źródło informacji
- źródło informacji: Współczesna kultura polska / A. Peretiatkowicz i M. Sobeski. - Poznań, 1932.
- gdzie znaleziono informację: Biogram
670 ## - Źródło informacji
- źródło informacji: Kp. Tajemnice wysp południowych / M. Smolarski. - Warszawa, 1959.
670 ## - Źródło informacji
- źródło informacji: PseudPP. - 1994-1998
670 ## - Źródło informacji
- źródło informacji: Kp. Poeta "Wiersza do legionów" Cypryan Godebski / Mieczysław Maryan Smolarski. - Kraków, 1910.
670 ## - Źródło informacji
- źródło informacji: Józef Kalasanty Szaniawski / [Miecz. Smolarski. - Warszawa, 1910].
675 ## - Źródło nie podające informacji
- wskazanie źródła: WEP. - 1962-1970